[Event "IECG QE.2004.0.00070"]
[Site "IECG email"]
[Date "2004.06.25"]
[Round "?"]
[White "Bird, Jay"]
[Black "Aleksandrov, Mitko"]
[Result "0-1"]
[WhiteElo "1200"]
[BlackElo "1245"]
[PlyCount "46"]
[EventDate "2004.06.25"]
[EventType "tourn (corr)"]
[EventRounds "6"]
[SourceTitle "Corr 2008"]
[Source "ChessBase"]
[SourceDate "2008.06.24"]
[SourceVersion "1"]
[SourceVersionDate "2008.06.24"]
[SourceQuality "1"]

1. f4 d5 2. Nf3 g6 3. e3 Bg7 4. Be2 Nf6 5. 0-0 0-0 6. d3 c5 7. Ne5 Nc6 8. Nxc6 bxc6 9. a4 Rb8 10. b3 c4 11. dxc4 dxc4 12. Bxc4 Nd5 13. Ra2 Nb4 14. Qxd8 Rxd8 15. Ra3 Nxc2 16. Ra2 Bf5 17. Na3 Na1 18. Rd2 Rxd2 19. Bxd2 Nxb3 20. Bxb3 Rxb3 21. Bc1 Rb4 22. a5 Ra4 23. Rd1 Bc3 0-1

[Event "IECG QE.2004.0.00070"]
[Site "IECG email"]
[Date "2004.06.25"]
[Round "?"]
[White "Bird, Jay"]
[Black "Pivirotto, Filiberto"]
[Result "0-1"]
[WhiteElo "1200"]
[BlackElo "1387"]
[PlyCount "42"]
[EventDate "2004.06.25"]
[EventType "tourn (corr)"]
[EventRounds "6"]
[SourceTitle "Corr 2008"]
[Source "ChessBase"]
[SourceDate "2008.06.24"]
[SourceVersion "1"]
[SourceVersionDate "2008.06.24"]
[SourceQuality "1"]

1. f4 d5 2. Nf3 Nf6 3. b3 g6 4. Bb2 Bg7 5. e3 0-0 6. Bd3 c5 7. Qe2 Nc6 8. 0-0 Nb4 9. c3 Nxd3 10. Qxd3 Be6 11. c4 dxc4 12. Qxd8 Rfxd8 13. bxc4 Bxc4 14. Rc1 Bd3 15. Rxc5 Ne4 16. Bxg7 Nxc5 17. Bd4 Ne6 18. Bxa7 Rxa7 19. Nc3 b5 20. Nd1 Ra3 21. Nf2 Be2 0-1

[Event "IECG QE.2004.0.00070"]
[Site "IECG email"]
[Date "2004.06.25"]
[Round "?"]
[White "Pivirotto, Filiberto"]
[Black "Bird, Jay"]
[Result "1-0"]
[WhiteElo "1387"]
[BlackElo "1200"]
[PlyCount "47"]
[EventDate "2004.06.25"]
[EventType "tourn (corr)"]
[EventRounds "6"]
[SourceTitle "Corr 2008"]
[Source "ChessBase"]
[SourceDate "2008.06.24"]
[SourceVersion "1"]
[SourceVersionDate "2008.06.24"]
[SourceQuality "1"]

1. e4 e5 2. Nf3 Nc6 3. Bb5 a6 4. Bxc6 bxc6 5. 0-0 d5 6. Nxe5 Qd6 7. exd5 Qxd5 8. Nc3 Qd4 9. Qf3 Qxe5 10. Qxc6+ Kd8 11. Qxa8 Bd6 12. g3 Nf6 13. d3 Bc5 14. Bf4 Qd4 15. Be3 Qe5 16. d4 Bxd4 17. Bxd4 Qe6 18. Rfe1 Qf5 19. Bxf6+ Qxf6 20. Rad1+ Qd6 21. Rxd6+ cxd6 22. Qb8 Kd7 23. Qa7+ Kd8 24. Qe7# 1-0